| 000 | 00754cam a2200205 a 4500 | ||
|---|---|---|---|
| 020 | _a084930024X (alk. paper) | ||
| 082 | 0 | 0 |
_a658.404 _bGOO _cL-28, P-91 |
| 100 | 1 |
_aGoodman, Louis J. _944683 |
|
| 245 | 0 | 0 |
_aEngineering project management : _bthe IPQMS method and case histories / _cLouis J. Goodman and Rufino S. Ignacio. |
| 260 |
_aBoca Raton, Fla. : _bCRC Press, _c1999. |
||
| 300 |
_a214 p. ; _c24 cm. |
||
| 526 |
_a0 _b0 _c0 _d658_404000000000000_GOO |
||
| 650 | 0 |
_aEngineering _xManagement _xCase studies. _944684 |
|
| 650 | 0 |
_aEngineering _xManagement. |
|
| 650 | 0 |
_aMCE _9379 |
|
| 650 | 0 |
_aQuality control. _9869 |
|
| 700 | 1 |
_aIgnacio, Rufino S. _944685 |
|
| 856 | 4 | 2 | _uhttp://www.loc.gov/catdir/enhancements/fy0744/98047034-d.html |
| 942 |
_2ddc _cBK |
||
| 999 |
_c548400 _d548400 |
||